000 00300nam a22001217a 4500
020 _a9789991614182
100 _aVAN ANTWERPEN E.G ,AVES J.P
245 _aVEGETABLE CULTIVATION
250 _aHANDBOOK- NEW EXTENDED ED.
260 _anamibia
_bLONGMAN
_c2009
300 _a20092160
_bILL
942 _cBK
999 _c251216
_d251216